Gaming Quiz

Random Gaming Quiz

Turok 2 Seeds of Evil Weapons by Picture Quiz Stats

 Plays Quiz not verified by Sporcle

Score 0/21 Timer 06:00
0 Plays Today
% Correct
Pistol
100%
Talon
93.3%
Flare
93.3%
Bow
93.3%
Tek Bow
93.3%
Shotgun
93.3%
War Blade
86.7%
Mag 60
86.7%
Plasma Rifle
86.7%
Cerebral Bore
86.7%
Nuke
86.7%
% Correct
Shredder
80%
Grenade Launcher
80%
Tranquilizer Gun
73.3%
Charge Dart Rifle
66.7%
Firestorm Cannon
66.7%
Sunfire Pod
66.7%
PFM Layer
60%
Scorpion Launcher
60%
Flamethrower
53.3%
Razor Wind
46.7%

You're not logged in!

Compare scores with friends on all Sporcle quizzes.
OR
Log In

You Might Also Like...

Show Comments

Extras

Created Apr 23, 2017ReportNominate
Tags:evil, seed

Top Quizzes Today


Score Distribution

Your Account Isn't Verified!

In order to create a playlist on Sporcle, you need to verify the email address you used during registration. Go to your Sporcle Settings to finish the process.

Report this User

Report this user for behavior that violates our Community Guidelines.

Details: